Things That Start With 'D' - Statistics

General Stats
  • This quiz has been taken 52 times
  • The average score is 14 of 16
Answer Stats
Picture Answer % Correct
Dartboard
100%
Denmark
100%
Desert
100%
Duck
100%
Doctor
98%
Dalmatian
96%
Disco
96%
Doll
94%
Dam
90%
David
79%
Dishes
79%
Daffodil
77%
Devil
77%
Dingo
73%
Death
63%
Dent
62%
No matching quizzes found
Score Distribution
Percent of People with Each Score
Percentile by Number Answered
Your Score History
You have not taken this quiz